000 00630nam a2200229Ia 4500
008 160418s9999 xx 000 0 und d
020 _a971086856X
050 _aFIL PN 59
050 _b.T33 2007 c.1
100 _aTabotabo, Claudio V.
245 2 _aA travel to the literatures of the world /
245 _cClaudio V. Tabotabo.
260 _aMandaluyong:
260 _bNational Book Store,
260 _c2007
300 _a361 pages :
300 _billustrations ;
300 _c22 cm.
500 _aIncludes bibliographical references.
650 _aLiterature -- Study and teaching.
650 _xLiterary form.
999 _c293386
_d293386